01778agaaa2200289 45000010005000000030009000050050017000140070009000310080040000400400023000800410013001031000048001161300025001642450189001892500022003782600109004003000033005095080146005425110083006885200446007715380016012175460013012336500058012467000062013047000060013667000062014266206IT-RoPAU20220918181256.0d cvaizq50131s9999||||xx ||| | || ||und|| aIT-RoPAUcIT-RoPAU aITALIANO aPiavoli FrancogCodice regista SPICS: 11227 aPIANETA AZZURRO (IL) aPIANETA AZZURRO (IL)cProdotto da: Piavoli Franco -- Sceneggiatura: Piavoli Franco Poli Neria -- Diretto da: Piavoli FrancopPIANETA AZZURRO (IL) (Rif. Codice opera principale : 26206) aEdizione Standard a(ITALIA)b11 MARZO CINEMATOGRAFICA / Distribuzione: RAIg"1982 (1° ed.: 1984 ; Ed. Lingua Orig.: 1982)" aVHSbsonoro, col.c90 minuti a"Fotografia: Piavoli Franco; Montaggio: Zamariola Giuliana; Sceneggiatura: Piavoli Franco Poli Neria; Soggetto: Piavoli Franco -- Neria Poli" a"Poli Nenia; Ventimiglia Carlo; Leopardi Giacomo; Agosti Paola; Giglioli Susa" aDOCUMENTARIO ATTENTO DI FENOMENI E MERAVIGLIE DELLA NATURA IL COSMO E' CONTEMPLATO NEL FILM NEI SUOI CONTRASTI DI TENERA BELLEZZA DA UNA PARTE LO SGELO IL FLUIRE DELLE ACQUE LA PIOGGIA LA LUCE IL GERMOGLIARE DELLA VITA I COLORI I FIORI LE MUSICHE RACCOLTE E MISTERIOSE E DALL'ALTRA L'AFFANNARSI LA FATICA L'AVIDITA' LE RISSE L'AGGRESSIVITA' DEI MODERNI MACCHINARI AGRICOLI ILLUSIONI PIANTO SOLITUDINE DELL'ADOLESCENZA E DELLA VECCHIAIA MORTE aPAL, STEREO aITALIANO aDOCUMENTARIOeFILMS [VHS]xCodice MATERIA SPICS: 9960 aNeria Poli e(soggetto)gCodice Soggetto 2° SPICS: 30925 aPiavoli Franco e(regista)gCodice regista SPICS: 11227 aPiavoli Franco e(soggetto)gCodice Soggetto SPICS: 11227